[Event "Remote email"]
[Site "Remote email"]
[Date "2014.08.06"]
[Round "?"]
[White "Jansen, Uwe"]
[Black "Martin, Leandra"]
[Result "1-0"]
[WhiteElo "1813"]
[BlackElo "1480"]
[PlyCount "61"]
[EventDate "2014.??.??"]
[EventType "tourn (corr)"]
[EventRounds "6"]
[EventCountry "GER"]
[SourceTitle "Corr 2015"]
[Source "ChessBase"]
[SourceDate "2015.07.17"]
[SourceVersion "1"]
[SourceVersionDate "2015.07.17"]
[SourceQuality "1"]

1. d4 d5 2. c4 dxc4 3. e4 b5 4. a4 a6 5. axb5 Bb7 6. bxa6 Nxa6 7. Nc3 c5 8. Qa4+ Qd7 9. Qxd7+ Kxd7 10. Bxc4 cxd4 11. Bd5 Bxd5 12. Nxd5 e6 13. Nb6+ Kc7 14. Nxa8+ Kb7 15. Nf3 Kxa8 16. Rxa6+ Kb7 17. Ra4 Nf6 18. Rxd4 Bc5 19. Rc4 Rc8 20. 0-0 Ng4 21. h3 Nxf2 22. Rxf2 Bxf2+ 23. Kxf2 Rxc4 24. Bf4 h6 25. Bd6 Rc2+ 26. Kg3 Rxb2 27. Be5 Rb4 28. Bxg7 Rxe4 29. Bxh6 Re2 30. Bg7 Kc6 31. Nd4+ 1-0